Speedway Grand Prix One Year Wonders - Statistics

General Stats
  • This quiz has been taken 7 times
  • The average score is 15 of 28
Answer Stats
Hint Answer % Correct
2004 Aleš Dryml Jr. Czechia
83%
2018 Craig Cook Great Britain
83%
2026 Kacper Woryna Poland
83%
2014 Martin Smolinski Germany
83%
2026 Nazar Parnitskyi Ukraine
83%
2016 Peter Kildemand Denmark
83%
2018 Przemysław Pawlicki Poland
83%
2015 Thomas H. Jonasson Sweden
83%
1998 Armando Castagna Italy
67%
2021 Oliver Berntzon Sweden
67%
2022 Paweł Przedpełski Poland
67%
2012 Peter Ljung Sweden
67%
2024 Szymon Woźniak Poland
67%
2004 Kai Laukkanen Finland
50%
2023 Kim Nilsson Sweden
50%
1997 Sławomir Drabik Poland
50%
2003 Tomasz Bajerski Poland
50%
2005 Tomasz Chrzanowski Poland
50%
2007 Wiesław Jaguś Poland
50%
2003 Jason Lyons Australia
33%
2010 Magnus Zetterström Sweden
33%
1998 Zoltan Adorjan Hungary
33%
1995 Jan Stæchmann Denmark
17%
1999 John Jørgensen Denmark
17%
1999 Marián Jirout Czechia
17%
2000 Rafał Dobrucki Poland
17%
1999 Robert Dados Poland
17%
1997 Simon Wigg Great Britain
17%
No matching quizzes found
Score Distribution
Percent of People with Each Score
Percentile by Number Answered
Your Score History
You have not taken this quiz